Fruits by Picture - Statistics

General Stats
  • This quiz has been taken 31 times
    30 since last reset
  • The average score is 14 of 16
Answer Stats
Picture Answer % Correct
Apple
100%
Banana
100%
Cherry
100%
Grape
100%
Lemon
100%
Orange
100%
Peach
100%
Pear
100%
Strawberry
100%
Blueberry
97%
Mango
97%
Raspberry
90%
Blackberry
83%
Plum
83%
Rambutan
45%
Cranberry
31%
No matching quizzes found
Score Distribution
Percent of People with Each Score
Percentile by Number Answered
Your Score History
You have not taken this quiz since the last reset